LEADER 01018naa a2200241 u 4500 001 000000113872 003 CaOOAMICUS 005 20081112153240.0 008 081112s2008 pl u000 u pol r 020 $z978-83-227-2821-5* 040 $aPUL$bita$dLDB 100 1 $aTokarczyk, Roman Andrzej.$0(OLS)http://pul/name/70236 245 10$aBiojurysprudencja :$bpodstawy prawa dla XXI wieku /$cRoman Andrzej Tokarczyk. 260 $aLublin :$bMarie Curie-Sklodowska,$c2008. 300 $a109 p. ;$c24 cm. 504 $aBibliografia in nota. 650 4$aBioetica$xDiritto.$0(OLS)http://pul/subject/34224 850 $aPUL 852 $aPUL$W1$xSL Filosofia 3$y81$m174 TOKRO 2$j130075$qDDC 21$B129153$CPULBib$Z2$F129153 $H108757 $82 941 1 $a9 996 $6020$z978-83-227-2821-5*$9(OLS)http://pul/number/139174 996 $6245$aBiojurysprudencja :$bpodstawy prawa dla XXI wieku$9(OLS)http://pul/title/143095 996 $6260$aLublin :$bMarie Curie-Sklodowska$9(OLS)http://pul/publisher/80092 LEADER 01262nam a2200289 u 4500 001 000000000390 003 CaOOAMICUS 005 20070226104208.0 008 940517s1984 it u000 u ita u 020 $a8831133217 035 $a10007147 040 $aPUL(R)$bita 100 1 $aSelvadagi, Paolo,$csac.,$d1946-$0(OLS)http://pul/name/404 245 14$aIl "giovane" Schleiermacher :$bindividualità e religione /$cPaolo Selvadagi. 260 $aRoma :$bPontificia Università Lateranense :$bCittà Nuova,$c1984. 300 $a162 p. ;$c20 cm 490 1 $aCollana di filosofia ;$v13 504 $aBibliografia: p. 154-160. 600 14$aSchleiermacher, Friedrich,$d1768-1834.$0(OLS)http://pul/subject/398 830 0$aCollana di filosofia (Città nuova) ;$v13.$0(OLS)http://pul/title/497 850 $aPUL 852 $aPUL$W1$xSL Filosofia 1$y2$m92 L 13$j413$nBK-PRI$b $qStampati$B413$CPULBib$Z2$F413 $H $81 941 1 $a8 961 $aINV: 52277 996 $6020$a8831133217$9(OLS)http://pul/number/432 996 $6245$aIl "giovane" Schleiermacher :$bindividualità e religione$9(OLS)http://pul/title/496 996 $6260$aRoma :$bPontificia Università Lateranense :$bCittà Nuova$9(OLS)http://pul/publisher/48071